| 000 | 01048na a2200265 4500 | ||
|---|---|---|---|
| 001 | 23003 | ||
| 003 | MIRAKIL | ||
| 005 | 20181213155021.0 | ||
| 008 | 170306b tu 000 0 | ||
| 035 | _a20666 | ||
| 040 |
_aMilas _btur _cTR-AnCHP |
||
| 041 | _atur | ||
| 082 |
_aCHP 350.56226 _bTuzla |
||
| 090 | _aCHP 350.56226 Tuzla | ||
| 091 | _aYEREL YÖNETİMLER 3 | ||
| 245 | _aCHP Tuzla ilçe örgütünün çeşitli yazı, program ve faaliyet raporları | ||
| 500 | _aCHP il ve ilçe örgütlerinin yayınları, programları, ve çeşitli çalışma faaliyet ve raporları | ||
| 505 | _a01 Nisan 2001-13 temmuz 2003 Cumhuriyet Halk Partisi Tuzla İlçe başkanlığı faaliyet raporu | ||
| 610 |
_aCHP _xYerel yönetimler _yÇalışma raporları _zTuzla, İstanbul |
||
| 610 |
_aCHP _xİl ve ilçe teşkilatları _yÇalışma raporları _zTuzla, İstanbul |
||
| 610 |
_aCHP _xYerel yönetimler _yProgramlar |
||
| 740 | _aCHP Tuzla İlçe Başkanlığı faaliyet raporu | ||
| 942 |
_2ddc _cBKS |
||
| 999 |
_c4885 _d4885 |
||